|
|
|
|
| LEADER |
01033nam a22002297a 4500 |
| 001 |
35873 |
| 003 |
BD-DhAAL |
| 005 |
20211130115443.0 |
| 008 |
190926t2002 ii a|||| |||| 00| 0 eng d |
| 999 |
|
|
|c 41434
|d 41434
|
| 082 |
|
|
|a 373.54
|
| 245 |
|
|
|a Secondary education :
|b the challenges ahead /
|c Marmar Mukhopadhyay; National Institute of Educational Planning and Administration (India); Manju Narula
|
| 260 |
|
|
|a New Delhi :
|b National Institute of Educational Planning and Administration,
|c c2002
|
| 300 |
|
|
|a xiv, 450 pages :
|b illustrations ;
|c 28 cm.
|
| 526 |
|
|
|a BIED
|
| 541 |
|
|
|a Complimentary copy from BIED
|e 35873
|
| 650 |
|
|
|a Education, Secondary
|z India.
|9 35418
|
| 700 |
|
|
|a Mukhopadhyay, Marmar
|9 35419
|
| 700 |
|
|
|a Narula, Manju
|9 35420
|
| 852 |
|
|
|a Ayesha Abed Library
|c BIED Collection
|
| 942 |
|
|
|2 ddc
|c BK
|
| 952 |
|
|
|0 0
|1 0
|2 ddc
|4 0
|6 373_540000000000000_SEC
|7 0
|9 66535
|a BRACUL
|b BRACUL
|c GEN
|d 2019-09-26
|e Complimentary copy from BIED
|l 0
|o 373.54 SEC
|p 3010035873
|r 2019-09-26
|t 1
|w 2019-09-26
|y BK
|x Transferred from BIED to General Stacks
|